| 000 | 00586nam a2200241Ia 4500 | ||
|---|---|---|---|
| 005 | 20250425162118.0 | ||
| 008 | 250425s9999 xx 000 0 und d | ||
| 020 | _a0324004508 | ||
| 041 | _aspa | ||
| 082 | _a658.15 | ||
| 100 | _aBUTLER, KIRT C. | ||
| 245 | 0 | _aMULTINATIONAL FINANCE | |
| 250 | _a2A ED. | ||
| 260 |
_aEstados Unidos _bSOUTH-WESTERN COLLEGE _c2000 |
||
| 260 | _aS.L. | ||
| 300 | _a682 | ||
| 650 | _aCAPITAL | ||
| 650 | _aESTRATEGIAS | ||
| 650 | _aFINANZAS INTERNACIONALES | ||
| 710 | _aSOUTH-WESTERN COLLAGE PUBLISHING | ||
| 942 | _c01 | ||
| 010 | _a50694 | ||
| 999 |
_c222548 _d222548 |
||